LIBRARY & INFORMATION CENTRE, KCAET, TAVANUR

ONLINE PUBLIC ACCESS CATALOGUE (OPAC)

Food Processing Wast Management | Treatment and Uttilization Technology (Record no. 17427)

MARC details
000 -LEADER
fixed length control field 00513nam a22001697a 4500
003 - CONTROL NUMBER IDENTIFIER
control field OSt
008 - FIXED-LENGTH DATA ELEMENTS--GENERAL INFORMATION
fixed length control field 210915b ||||| |||| 00| 0 eng d
020 ## - INTERNATIONAL STANDARD BOOK NUMBER
ISBN 9789380235592
082 ## - DEWEY DECIMAL CLASSIFICATION NUMBER
Classification number 664.02
Item number JOS/FO
100 ## - MAIN ENTRY--AUTHOR NAME
Personal name Joshi,V.K,
100 ## - MAIN ENTRY--AUTHOR NAME
Personal name Sharma,S.K
245 ## - TITLE STATEMENT
Title Food Processing Wast Management
Remainder of title Treatment and Uttilization Technology
260 ## - PUBLICATION, DISTRIBUTION, ETC. (IMPRINT)
Place of publication New Delhi
Name of publisher New Iindia Publishing Agency
Year of publication 2011
300 ## - PHYSICAL DESCRIPTION
Number of Pages 472 Pages
650 ## - SUBJECT ADDED ENTRY--TOPICAL TERM
Topical Term Food industry & trade ,waste disposal in India
942 ## - ADDED ENTRY ELEMENTS (KOHA)
Koha item type Books
Holdings
Withdrawn status Lost status Damaged status Home library Current library Shelving location Date acquired Cost, normal purchase price Full call number Accession Number Koha item type
      KAUAET KAUAET NAHEP-CAAST Project 07/09/2021 3950.00 664.02 JOS/FO 26026 Books
free website counter